00361cam a22001097a 4500008004000000082001400040100002100054245008400075260002600159300000900185650005700194180718b1962 xxu||||| |||| 00| 0 eng d aB5x42 Y85 aYoung, George K. aMasters of indecision:an inquiry into the political processcby George K. Young aLondonbMethuenc1962 a201p aGreat Britain --Politics and government --1945-1964.